<?xml version="1.0" encoding="UTF-8"?><collection xmlns="info:lc/xmlns/marcxchange-v2"><record format="Unimarc" type="bibliographic"><leader>00948cam  22002651  450 </leader><controlfield tag="001">2001165</controlfield><controlfield tag="003">http://id.bnportugal.gov.pt/bib/porbase/2001165</controlfield><controlfield tag="005">20030424094100.0</controlfield><datafield ind1=" " ind2=" " tag="010"><subfield code="a">0-12-116053-X</subfield></datafield><datafield ind1=" " ind2=" " tag="035"><subfield code="1">80733</subfield></datafield><datafield ind1=" " ind2=" " tag="095"><subfield code="a">PTBN00187909</subfield></datafield><datafield ind1=" " ind2=" " tag="100"><subfield code="a">19891101d1986    mk y0pora0103    ba</subfield></datafield><datafield ind1="0" ind2=" " tag="101"><subfield code="a">eng</subfield></datafield><datafield ind1=" " ind2=" " tag="102"><subfield code="a">GB</subfield></datafield><datafield ind1="1" ind2=" " tag="200"><subfield code="a">&lt;An &gt;introduction to differentiable manifolds and riemannian geometry</subfield></datafield><datafield ind1=" " ind2=" " tag="205"><subfield code="a">2nd ed</subfield></datafield><datafield ind1=" " ind2=" " tag="210"><subfield code="a">London</subfield><subfield code="c">Academic Press</subfield><subfield code="d">1986</subfield></datafield><datafield ind1=" " ind2=" " tag="215"><subfield code="a">430 p.</subfield></datafield><datafield ind1=" " ind2=" " tag="675"><subfield code="a">513</subfield><subfield code="v">med</subfield><subfield code="z">por</subfield><subfield code="3">333842</subfield></datafield><datafield ind1=" " ind2="1" tag="700"><subfield code="a">Boothby</subfield><subfield code="b">William M.</subfield><subfield code="3">363220</subfield></datafield><datafield ind1=" " ind2="0" tag="801"><subfield code="a">PT</subfield><subfield code="b">BN</subfield><subfield code="g">RPC</subfield></datafield><datafield ind1=" " ind2=" " tag="977"><subfield code="1">515.16 BOO*Int CE</subfield><subfield code="2">coop</subfield><subfield code="4">UASD</subfield><subfield code="6">mq3301295</subfield><subfield code="7">bc</subfield><subfield code="8">coop</subfield><subfield code="9">UASD</subfield><subfield code="k">0</subfield></datafield><datafield ind1=" " ind2=" " tag="977"><subfield code="1">514 BOO</subfield><subfield code="2">coop</subfield><subfield code="4">UCDF</subfield><subfield code="6">mq287734</subfield><subfield code="7">bc</subfield><subfield code="8">coop</subfield><subfield code="9">UCDF</subfield><subfield code="b">75976</subfield><subfield code="k">0</subfield></datafield><datafield ind1=" " ind2=" " tag="977"><subfield code="1">UEBIB</subfield><subfield code="2">coop</subfield><subfield code="4">UEBIB</subfield><subfield code="6">mq287733</subfield><subfield code="7">bc</subfield><subfield code="8">coop</subfield><subfield code="9">UEBIB</subfield><subfield code="k">0</subfield></datafield><datafield ind1=" " ind2=" " tag="977"><subfield code="1">VERNEY M53/514 BOO i</subfield><subfield code="2">coop</subfield><subfield code="4">UEBIB</subfield><subfield code="6">mq2867593</subfield><subfield code="7">bc</subfield><subfield code="8">coop</subfield><subfield code="9">UEBIB</subfield><subfield code="k">0</subfield></datafield><datafield ind1=" " ind2=" " tag="977"><subfield code="1">U10-1 40010 MT</subfield><subfield code="2">coop</subfield><subfield code="4">UTADBG</subfield><subfield code="6">mq3116243</subfield><subfield code="7">bc</subfield><subfield code="8">coop</subfield><subfield code="9">UTADBG</subfield><subfield code="k">0</subfield></datafield><datafield ind1=" " ind2=" " tag="977"><subfield code="1">U10-1 64278 MT</subfield><subfield code="2">coop</subfield><subfield code="4">UTADBG</subfield><subfield code="6">mq3116242</subfield><subfield code="7">bc</subfield><subfield code="8">coop</subfield><subfield code="9">UTADBG</subfield><subfield code="k">0</subfield></datafield></record></collection>